[Event "Uljanovsk Sidorov Memorial"]
[Site "Uljanovsk"]
[Date "2015.07.11"]
[Round "8"]
[White "Ulanov, Alexandr"]
[Black "Chugunov, Vyacheslav"]
[Result "1-0"]
[WhiteElo "2438"]
[BlackElo "1903"]
[PlyCount "105"]
[EventDate "2015.07.07"]
[EventType "swiss"]
[EventRounds "9"]
[EventCountry "RUS"]
[SourceTitle "EXT 2016"]
[Source "ChessBase"]
[SourceDate "2015.10.08"]
[SourceVersion "1"]
[SourceVersionDate "2015.10.08"]
[SourceQuality "1"]

1. d4 d5 2. Nf3 Nf6 3. c4 e6 4. Nc3 c6 5. e3 Bd6 6. Bd3 Nbd7 7. 0-0 dxc4 8. Bxc4 Qc7 9. e4 e5 10. h3 0-0 11. Bg5 b5 12. Bd3 exd4 13. Nxd4 Be5 14. Nf3 h6 15. Be3 Bxc3 16. bxc3 a6 17. Qc1 Nh7 18. Bf4 Qd8 19. Bd6 Re8 20. e5 Ndf8 21. Nd4 Qb6 22. Nf5 Be6 23. Kh1 Bd5 24. Ne7+ Kh8 25. f4 Qb7 26. Nxd5 cxd5 27. Rf3 Ne6 28. Qd2 Rac8 29. Rd1 Nc5 30. Bf5 Ne6 31. Bb1 Rc4 32. Bd3 Rc6 33. h4 Nc5 34. Bxh7 Kxh7 35. Qxd5 Na4 36. f5 Qd7 37. Rdd3 Nb2 38. e6 fxe6 39. fxe6 Rxe6 40. Qf5+ Kg8 41. Qf8+ Kh7 42. Rf7 Re1+ 43. Kh2 Qg4 44. Rd4 Qg6 45. Be5 Rxe5 46. Rdd7 Qxf7 47. Qxf7 Rg6 48. Rd8 Rg4 49. h5 Rh4+ 50. Kg3 Rhxh5 51. Qg8+ Kg6 52. Rd6+ Kf5 53. Qf7+ 1-0

[Event "Uljanovsk Sidorov Memorial"]
[Site "Uljanovsk"]
[Date "2015.07.08"]
[Round "3"]
[White "Alachihin, Vladimir"]
[Black "Chugunov, Vyacheslav"]
[Result "1-0"]
[WhiteElo "2250"]
[BlackElo "1903"]
[PlyCount "75"]
[EventDate "2015.07.07"]
[EventType "swiss"]
[EventRounds "9"]
[EventCountry "RUS"]
[SourceTitle "EXT 2016"]
[Source "ChessBase"]
[SourceDate "2015.10.08"]
[SourceVersion "1"]
[SourceVersionDate "2015.10.08"]
[SourceQuality "1"]

1. d4 d5 2. c4 Nf6 3. cxd5 Nxd5 4. e4 Nb6 5. Nc3 e6 6. Be3 Be7 7. Nf3 N8d7 8. a4 a5 9. Qb3 0-0 10. Rd1 Bb4 11. Be2 Nf6 12. Nd2 Bd7 13. Bb5 Bxb5 14. axb5 Qd7 15. 0-0 Ng4 16. Rc1 e5 17. d5 Nxe3 18. fxe3 Bc5 19. Nd1 a4 20. Qd3 Bd6 21. Nb1 Ra5 22. Ndc3 Qe7 23. Rc2 Nd7 24. Qc4 Nc5 25. Nd2 Qg5 26. Rf3 f5 27. exf5 Rxf5 28. Nce4 Nxe4 29. Nxe4 Qg6 30. Nxd6 Rxf3 31. Nxb7 Rf7 32. Nxa5 Qb6 33. Qc3 Qxb5 34. Nc4 Qxd5 35. Rd2 Qa8 36. Nxe5 Re7 37. Qc4+ Kf8 38. Rf2+ 1-0

[Event "Uljanovsk Povolje op"]
[Site "Uljanovsk"]
[Date "2014.08.28"]
[Round "4"]
[White "Nikitin, Dmitry"]
[Black "Chugunov, Vyacheslav"]
[Result "1-0"]
[WhiteElo "1833"]
[BlackElo "1936"]
[PlyCount "143"]
[EventDate "2014.08.26"]
[EventType "swiss"]
[EventRounds "9"]
[EventCountry "RUS"]
[SourceTitle "CBM 162 Extra"]
[Source "ChessBase"]
[SourceDate "2014.10.17"]
[SourceVersion "1"]
[SourceVersionDate "2014.10.17"]
[SourceQuality "1"]

1. e4 c5 2. Nf3 Nc6 3. d4 cxd4 4. Nxd4 d6 5. c4 g6 6. Nc3 Bg7 7. Be3 Nf6 8. Be2 0-0 9. 0-0 Bd7 10. f3 Re8 11. Qd2 Rc8 12. Nd5 Ne5 13. Rac1 Bc6 14. Qb4 Bxd5 15. cxd5 Ned7 16. Qxb7 Rb8 17. Qxa7 Rxb2 18. Bb5 Qa8 19. Rc7 Nxd5 20. exd5 Bxd4 21. Bxd4 Rxb5 22. Rxd7 Qxd5 23. Be3 Ra5 24. Qc7 Qe5 25. Qb6 Rxa2 26. Rd8 Rxd8 27. Qxd8+ Kg7 28. Qb6 Qd5 29. Qd4+ Qxd4 30. Bxd4+ e5 31. Bc3 Kf6 32. Rd1 Ke6 33. Rd2 Ra4 34. Rb2 Rc4 35. Bd2 f6 36. Rb7 h5 37. Kf2 g5 38. g3 h4 39. g4 Ra4 40. h3 Ra3 41. Rc7 e4 42. Rc3 Ra2 43. Ke2 d5 44. fxe4 dxe4 45. Rb3 f5 46. Rb6+ Ke5 47. Rb5+ Kd4 48. gxf5 Ra3 49. Bxg5 Rxh3 50. Bf6+ Kc4 51. Re5 Kd4 52. Ra5+ Kc4 53. Ra4+ Kd5 54. Rd4+ Kc5 55. Rxe4 Rh2+ 56. Kf3 h3 57. Rh4 Rh1 58. Be7+ Kd5 59. f6 Ke6 60. Kg3 Rf1 61. Kxh3 Rg1 62. Rg4 Rf1 63. Kh4 Rh1+ 64. Kg5 Kf7 65. Kf5 Rf1+ 66. Rf4 Rg1 67. Bd6 Rd1 68. Be5 Re1 69. Ra4 Rf1+ 70. Bf4 Rb1 71. Ra7+ Ke8 72. f7+ 1-0

[Event "Uljanovsk Povolje op"]
[Site "Uljanovsk"]
[Date "2014.08.27"]
[Round "2"]
[White "Abdulyazanov, Malik"]
[Black "Chugunov, Vyacheslav"]
[Result "1-0"]
[WhiteElo "2323"]
[BlackElo "1936"]
[PlyCount "77"]
[EventDate "2014.08.26"]
[EventType "swiss"]
[EventRounds "9"]
[EventCountry "RUS"]
[SourceTitle "CBM 162 Extra"]
[Source "ChessBase"]
[SourceDate "2014.10.17"]
[SourceVersion "1"]
[SourceVersionDate "2014.10.17"]
[SourceQuality "1"]

1. e4 c6 2. d4 d5 3. Nc3 dxe4 4. Nxe4 Bf5 5. Ng3 Bg6 6. h4 h6 7. Nf3 Nd7 8. h5 Bh7 9. Bd3 Bxd3 10. Qxd3 Ngf6 11. Bd2 e6 12. 0-0-0 Bd6 13. Ne4 Nxe4 14. Qxe4 Qc7 15. Kb1 0-0-0 16. c4 Nf6 17. Qe2 Rhe8 18. Ne5 c5 19. Bc3 Bxe5 20. dxe5 Rxd1+ 21. Rxd1 Nd7 22. Qg4 Rg8 23. Qe4 g6 24. Qf4 Nf8 25. Qxh6 gxh5 26. g3 Ng6 27. Qxh5 Rh8 28. Qf3 Rf8 29. Qe4 Ne7 30. b3 Nc6 31. Kc2 Rg8 32. a3 Rg5 33. Qe3 Qe7 34. Rd6 Rf5 35. f4 Rh5 36. Qxc5 Rh2+ 37. Kd3 Qe8 38. Ba5 Kb8 39. Rd8+ 1-0

[Event "Uljanovsk Povolje op"]
[Site "Uljanovsk"]
[Date "2014.08.26"]
[Round "1"]
[White "Chugunov, Vyacheslav"]
[Black "Verevicheva, Marina"]
[Result "1-0"]
[WhiteElo "1936"]
[BlackElo "1519"]
[PlyCount "77"]
[EventDate "2014.08.26"]
[EventType "swiss"]
[EventRounds "9"]
[EventCountry "RUS"]
[SourceTitle "CBM 162 Extra"]
[Source "ChessBase"]
[SourceDate "2014.10.17"]
[SourceVersion "1"]
[SourceVersionDate "2014.10.17"]
[SourceQuality "1"]

1. e4 e5 2. d4 exd4 3. Nf3 Nc6 4. Bc4 Bb4+ 5. c3 Be7 6. cxd4 d6 7. h3 Nf6 8. Nc3 0-0 9. 0-0 h6 10. Qe2 Nh7 11. Bf4 Bf6 12. e5 Re8 13. Rad1 Bd7 14. Qd2 Be7 15. Ne4 Bc8 16. Bb5 d5 17. Nc5 Nf8 18. Rc1 a6 19. Ba4 b5 20. Bb3 Na7 21. Ne1 Ne6 22. Nxe6 Bxe6 23. Bc2 Bg5 24. Bxg5 Qxg5 25. f4 Qh5 26. f5 Bd7 27. Qf4 c6 28. Rf3 Qg5 29. Nd3 Nc8 30. Rg3 Qxf4 31. Nxf4 Nb6 32. Nh5 Kf8 33. Nxg7 Rec8 34. e6 fxe6 35. fxe6 Be8 36. Rf1+ Ke7 37. b3 c5 38. Nxe8 Kxe8 39. Rg7 1-0

[Event "Uljanovsk Volga op"]
[Site "Uljanovsk"]
[Date "2014.01.06"]
[Round "8"]
[White "Chugunov, Vyacheslav"]
[Black "Frolova, Marina"]
[Result "1-0"]
[WhiteElo "1952"]
[BlackElo "1601"]
[PlyCount "75"]
[EventDate "2014.01.03"]
[EventType "swiss"]
[EventRounds "9"]
[EventCountry "RUS"]
[SourceTitle "CBM 158 Extra"]
[Source "ChessBase"]
[SourceDate "2014.02.28"]
[SourceVersion "1"]
[SourceVersionDate "2014.02.28"]
[SourceQuality "1"]

1. e4 c5 2. Nf3 Nc6 3. d4 cxd4 4. Nxd4 g6 5. Nc3 Bg7 6. Be3 Nf6 7. f3 0-0 8. Bc4 e6 9. g4 a6 10. Qd2 Ne5 11. Bb3 d5 12. g5 Ne8 13. exd5 exd5 14. Nxd5 Nd6 15. 0-0-0 Ndc4 16. Qe2 Qxd5 17. Nf5 Qxf3 18. Ne7+ Kh8 19. Qxf3 Nxf3 20. Bxc4 Ne5 21. Bb3 Ng4 22. Bb6 h6 23. h4 h5 24. Nxc8 Raxc8 25. Rd7 Rc6 26. Rxb7 Ne5 27. Kb1 Kg8 28. Bd4 Nf3 29. Bxg7 Kxg7 30. Bd5 Nd2+ 31. Kc1 Rd6 32. c4 Nxc4 33. Bxc4 Rc6 34. b3 Rc5 35. Rf1 Kg8 36. Kb2 Rf5 37. Rxf5 gxf5 38. g6 1-0

[Event "Uljanovsk Volga op"]
[Site "Uljanovsk"]
[Date "2014.01.04"]
[Round "3"]
[White "Terentiev, Alexander"]
[Black "Chugunov, Vyacheslav"]
[Result "0-1"]
[WhiteElo "1854"]
[BlackElo "1952"]
[PlyCount "84"]
[EventDate "2014.01.03"]
[EventType "swiss"]
[EventRounds "9"]
[EventCountry "RUS"]
[SourceTitle "CBM 158 Extra"]
[Source "ChessBase"]
[SourceDate "2014.02.28"]
[SourceVersion "1"]
[SourceVersionDate "2014.02.28"]
[SourceQuality "1"]

1. d4 c6 2. c4 d5 3. e3 Nf6 4. Nf3 Bg4 5. Be2 e6 6. 0-0 Nbd7 7. Nc3 Bd6 8. Qb3 Qc7 9. h3 Bxf3 10. Bxf3 dxc4 11. Qxc4 0-0 12. e4 Bf4 13. e5 Bxc1 14. Raxc1 Ne8 15. Be4 Nb6 16. Qd3 g6 17. b4 Qd7 18. a4 Rd8 19. Rfd1 Nc7 20. b5 Ncd5 21. a5 Nxc3 22. Rxc3 Nd5 23. bxc6 bxc6 24. Rc5 Rb8 25. Qd2 Rb5 26. Qc2 Rfb8 27. Qc4 Rb4 28. Qc1 R4b5 29. Rxc6 Rxa5 30. Rd6 Qb7 31. Qh6 Ra6 32. Rb1 Rb6 33. Rbxb6 axb6 34. Qc1 b5 35. Qc5 b4 36. Rc6 b3 37. Bb1 Qb4 38. Rc8+ Rxc8 39. Qxc8+ Kg7 40. Qc1 Qxd4 41. Qe1 Nf4 42. Qe4 Qb2 0-1

[Event "Uljanovsk Smyslov Memorial"]
[Site "Uljanovsk"]
[Date "2010.04.03"]
[Round "1"]
[White "Nikiforov, Alexander"]
[Black "Chugunov, Vyacheslav"]
[Result "0-1"]
[WhiteElo "1792"]
[BlackElo "1991"]
[PlyCount "88"]
[EventDate "2010.04.03"]
[EventType "swiss"]
[EventRounds "9"]
[EventCountry "RUS"]
[SourceTitle "CBM 136 Extra"]
[Source "ChessBase"]
[SourceDate "2010.07.02"]
[SourceVersion "2"]
[SourceVersionDate "2010.07.15"]
[SourceQuality "1"]

1. c4 Nf6 2. Nc3 c6 3. Nf3 Qc7 4. d4 d6 5. Bf4 Bg4 6. h3 Bh5 7. e3 Nbd7 8. Be2 Bxf3 9. Bxf3 e5 10. Bg3 Be7 11. 0-0 0-0 12. Rc1 Rfe8 13. d5 a5 14. Ne4 Nxe4 15. Bxe4 g6 16. dxc6 bxc6 17. Qa4 Rac8 18. Rfd1 Nc5 19. Qc2 Rb8 20. Bf3 Qb6 21. b3 a4 22. b4 Qxb4 23. Bxc6 Rec8 24. Rb1 Qa5 25. Rb5 Qa6 26. Rdb1 Rxb5 27. cxb5 Qb6 28. Qc4 Rxc6 29. bxc6 Qxb1+ 30. Kh2 Qb6 31. Qd5 Qc7 32. e4 Ne6 33. Qc4 Qa5 34. f3 Nc7 35. Qc2 Qb5 36. Qc3 Kg7 37. Bf2 f6 38. Qc2 a3 39. Be3 Bd8 40. Bc1 Qa6 41. Qb3 Nb5 42. Qc4 Qb6 43. Qd5 Qc5 44. Qb3 Bb6 0-1

[Event "Uljanovsk-ch"]
[Site "Uljanovsk"]
[Date "2009.03.18"]
[Round "5"]
[White "Chaplygin, Anton"]
[Black "Chugunov, Vyacheslav"]
[Result "1/2-1/2"]
[WhiteElo "1999"]
[BlackElo "2010"]
[PlyCount "115"]
[EventDate "2009.03.14"]
[EventType "swiss"]
[EventRounds "9"]
[EventCountry "RUS"]
[SourceTitle "EXT 2010"]
[Source "ChessBase"]
[SourceDate "2010.11.25"]
[SourceVersion "1"]
[SourceVersionDate "2010.11.25"]
[SourceQuality "1"]

1. d4 Nf6 2. c4 e6 3. Nf3 d5 4. Nc3 Be7 5. Bg5 0-0 6. e3 Nbd7 7. Rc1 c6 8. Bd3 dxc4 9. Bxc4 Nd5 10. Bxe7 Qxe7 11. 0-0 Nxc3 12. Rxc3 e5 13. d5 cxd5 14. Qxd5 h6 15. Bb5 e4 16. Nd4 Nf6 17. Qc5 Qxc5 18. Rxc5 a6 19. Ba4 b6 20. Re5 Bb7 21. Bb3 Rfe8 22. Rxe8+ Rxe8 23. Rc1 Rc8 24. Rxc8+ Bxc8 25. Kf1 Kf8 26. Ke2 Bd7 27. h3 Ke7 28. Kd2 g6 29. Kc3 Ne8 30. Ne2 Nd6 31. Kd4 g5 32. Nc3 Bc6 33. Bd5 Nf5+ 34. Kxe4 Bd7 35. f4 f6 36. Bb3 Nd6+ 37. Kf3 Bc6+ 38. Bd5 Kd7 39. e4 Bb5 40. Bc6+ Kxc6 41. Nd5 Ne8 42. Kg4 Kc5 43. Kf5 Nd6+ 44. Kxf6 Nxe4+ 45. Ke5 Nd6 46. b4+ Kc6 47. fxg5 Nf7+ 48. Kf6 Nxg5 49. Ne7+ Kd6 50. Nf5+ Kd5 51. Nxh6 Ne4+ 52. Kf5 Nd6+ 53. Kf4 Kc4 54. g4 Kxb4 55. g5 Ka3 56. g6 Ne8 57. Nf5 Kxa2 58. h4 1/2-1/2

[Event "Uljanovsk Petrosian Memorial op"]
[Site "Uljanovsk"]
[Date "2008.06.24"]
[Round "9"]
[White "Parfenov, Vladimir"]
[Black "Chugunov, Vyacheslav"]
[Result "1-0"]
[WhiteElo "2097"]
[BlackElo "1981"]
[PlyCount "73"]
[EventDate "2008.06.14"]
[EventType "swiss"]
[EventRounds "9"]
[EventCountry "RUS"]
[SourceTitle "EXT 2022"]
[Source "ChessBase"]
[SourceDate "2021.10.06"]
[SourceVersion "1"]
[SourceVersionDate "2021.10.06"]
[SourceQuality "1"]

1. e4 d6 2. f4 e5 3. Nf3 Bg4 4. h3 Bxf3 5. Qxf3 Nf6 6. Bc4 Nc6 7. d3 Nd4 8. Qf2 b5 9. Bb3 Be7 10. Be3 Nh5 11. 0-0 Bh4 12. Qd2 Ng3 13. Re1 a5 14. Bxd4 exd4 15. Bd5 Ra6 16. c4 b4 17. c5 dxc5 18. Qc1 Qe7 19. Nd2 Nh5 20. Rf1 Bg3 21. Nb3 Rf6 22. f5 Bd6 23. Nd2 Nf4 24. Bc6+ Kf8 25. Qc2 Rh6 26. Nf3 f6 27. Ba4 g5 28. Bb3 Kg7 29. a3 Qe8 30. Kf2 Qh5 31. Rg1 g4 32. hxg4 Qxg4 33. axb4 axb4 34. Qc4 Rf8 35. Ra8 Qh5 36. Qg8+ Rxg8 37. Rxg8# 1-0

[Event "Uljanovsk Petrosian Memorial op"]
[Site "Uljanovsk"]
[Date "2008.06.22"]
[Round "7"]
[White "Chugunov, Vyacheslav"]
[Black "Galaev, Artem"]
[Result "1-0"]
[WhiteElo "1981"]
[BlackElo "1652"]
[PlyCount "57"]
[EventDate "2008.06.14"]
[EventType "swiss"]
[EventRounds "9"]
[EventCountry "RUS"]
[SourceTitle "EXT 2022"]
[Source "ChessBase"]
[SourceDate "2021.10.06"]
[SourceVersion "1"]
[SourceVersionDate "2021.10.06"]
[SourceQuality "1"]

1. c4 c5 2. Nc3 g6 3. e3 Bg7 4. d4 cxd4 5. exd4 e6 6. Nf3 Ne7 7. d5 exd5 8. cxd5 d6 9. Be3 0-0 10. Bd4 Nf5 11. Bxg7 Kxg7 12. Be2 Nd7 13. 0-0 Nf6 14. Rc1 a6 15. a4 Bd7 16. Nd4 Rc8 17. Nxf5+ Bxf5 18. Qd4 Re8 19. g4 Rxe2 20. Nxe2 Bxg4 21. Ng3 Bf3 22. Rc3 Bxd5 23. f4 Rxc3 24. bxc3 Bc6 25. f5 Qe7 26. fxg6 hxg6 27. a5 Qe6 28. h4 Qe5 29. Qf2 1-0

[Event "Uljanovsk Petrosian Memorial op"]
[Site "Uljanovsk"]
[Date "2008.06.21"]
[Round "6"]
[White "Kudriashov, Anatoli"]
[Black "Chugunov, Vyacheslav"]
[Result "1-0"]
[WhiteElo "2318"]
[BlackElo "1981"]
[PlyCount "105"]
[EventDate "2008.06.14"]
[EventType "swiss"]
[EventRounds "9"]
[EventCountry "RUS"]
[SourceTitle "EXT 2022"]
[Source "ChessBase"]
[SourceDate "2021.10.06"]
[SourceVersion "1"]
[SourceVersionDate "2021.10.06"]
[SourceQuality "1"]

1. e4 c6 2. d4 d6 3. c4 Qc7 4. Nc3 e5 5. Nf3 h6 6. h3 Nf6 7. Be2 Be7 8. 0-0 Nbd7 9. Re1 Nf8 10. Bf1 g5 11. d5 Ng6 12. Nh2 Bd7 13. b4 a6 14. Be3 c5 15. bxc5 dxc5 16. Rb1 0-0 17. Ng4 Nxg4 18. hxg4 Rab8 19. a4 Bd6 20. g3 Kg7 21. Be2 Ne7 22. Kg2 Ng8 23. Rh1 Nf6 24. Qd2 Kg6 25. f3 Qa5 26. Qc2 Kg7 27. Rh2 Ng8 28. Bd2 Qd8 29. Rhh1 Qe7 30. a5 Bc7 31. Na4 Bxa4 32. Qxa4 Nf6 33. Rb2 Ne8 34. Rhb1 Bd8 35. Qa3 Qc7 36. Be3 Be7 37. Rb6 Nf6 38. Qb2 Rfe8 39. Bd2 Bd8 40. Be3 Nd7 41. Rxb7 Rxb7 42. Qxb7 Qd6 43. Qc6 Re6 44. Qa8 Re8 45. Bd1 Rf8 46. Qc6 Be7 47. Rb7 Rb8 48. Qxd6 Bxd6 49. Rxd7 Rb1 50. Rxd6 Rxd1 51. Bxc5 Kf8 52. Be3 Kg8 53. c5 1-0

[Event "Uljanovsk Petrosian Memorial op"]
[Site "Uljanovsk"]
[Date "2008.06.19"]
[Round "5"]
[White "Chugunov, Vyacheslav"]
[Black "Chernysh, Vladimir"]
[Result "1-0"]
[WhiteElo "1981"]
[BlackElo "2070"]
[PlyCount "109"]
[EventDate "2008.06.14"]
[EventType "swiss"]
[EventRounds "9"]
[EventCountry "RUS"]
[SourceTitle "EXT 2022"]
[Source "ChessBase"]
[SourceDate "2021.10.06"]
[SourceVersion "1"]
[SourceVersionDate "2021.10.06"]
[SourceQuality "1"]

1. e4 c6 2. d4 d5 3. Nd2 dxe4 4. Nxe4 Nf6 5. Ng3 Bg4 6. Be2 Bxe2 7. N1xe2 e6 8. 0-0 Nbd7 9. f4 g6 10. c4 Bg7 11. h3 0-0 12. Be3 Nb6 13. Qb3 h5 14. Rfd1 Qc7 15. a4 Rad8 16. a5 Nc8 17. Nc3 Ne7 18. Nge2 Bh6 19. d5 cxd5 20. cxd5 Nfxd5 21. Bxa7 Nxf4 22. Rxd8 Nxe2+ 23. Nxe2 Qxd8 24. Qxb7 Nf5 25. Qe4 Qd2 26. Bc5 Qxb2 27. Rb1 Qa2 28. Bxf8 Be3+ 29. Kh2 Qxe2 30. Qf3 Qxf3 31. gxf3 Kxf8 32. a6 Ne7 33. Rb8+ Kg7 34. Rb3 Bd4 35. Rb4 Ba7 36. Rb7 Nc6 37. Kg2 Bd4 38. f4 g5 39. fxg5 Kg6 40. h4 e5 41. Rd7 Na7 42. Rd6+ Kg7 43. Kf3 Nb5 44. Rd7 Kg6 45. Rb7 Na7 46. Rd7 Nb5 47. Rd5 Nc7 48. Rd6+ Kg7 49. Rc6 Ne6 50. Ke4 Kg6 51. Rd6 f5+ 52. gxf6 Kf7 53. Kf5 Nf8 54. Rxd4 exd4 55. a7 1-0